<?xml version="1.0" encoding="UTF-8"?>
<record
    xmlns:xsi="http://www.w3.org/2001/XMLSchema-instance"
    xsi:schemaLocation="http://www.loc.gov/MARC21/slim http://www.loc.gov/standards/marcxml/schema/MARC21slim.xsd"
    xmlns="http://www.loc.gov/MARC21/slim">

  <leader>00465nam a22001697a 4500</leader>
  <controlfield tag="003">OSt</controlfield>
  <controlfield tag="005">20211028170717.0</controlfield>
  <controlfield tag="008">211028b        |||||||| |||| 00| 0 eng d</controlfield>
  <datafield tag="020" ind1=" " ind2=" ">
    <subfield code="a">0-471-60084-9</subfield>
  </datafield>
  <datafield tag="040" ind1=" " ind2=" ">
    <subfield code="c">HAWASSA UNIVERSITY</subfield>
  </datafield>
  <datafield tag="050" ind1=" " ind2=" ">
    <subfield code="a">632.58/ASH</subfield>
    <subfield code="b">6</subfield>
  </datafield>
  <datafield tag="082" ind1=" " ind2=" ">
    <subfield code="2">3</subfield>
    <subfield code="a">632.58/ASH</subfield>
    <subfield code="b">6</subfield>
  </datafield>
  <datafield tag="100" ind1=" " ind2=" ">
    <subfield code="a">ASHTON M. FLOYD</subfield>
    <subfield code="q">ASHTON M. FLOYD</subfield>
    <subfield code="9">16165</subfield>
  </datafield>
  <datafield tag="245" ind1=" " ind2=" ">
    <subfield code="a">WEED SCIENCE: PRINCIPLES AND PRACTICES</subfield>
  </datafield>
  <datafield tag="260" ind1=" " ind2=" ">
    <subfield code="a">NEW YORK</subfield>
    <subfield code="b">JOHN EILEY</subfield>
    <subfield code="c">1991</subfield>
  </datafield>
  <datafield tag="942" ind1=" " ind2=" ">
    <subfield code="2">ddc</subfield>
    <subfield code="c">BOOKS</subfield>
    <subfield code="n">0</subfield>
  </datafield>
  <datafield tag="999" ind1=" " ind2=" ">
    <subfield code="c">15696</subfield>
    <subfield code="d">15696</subfield>
  </datafield>
  <datafield tag="952" ind1=" " ind2=" ">
    <subfield code="0">0</subfield>
    <subfield code="1">0</subfield>
    <subfield code="2">ddc</subfield>
    <subfield code="4">0</subfield>
    <subfield code="7">0</subfield>
    <subfield code="a">002</subfield>
    <subfield code="b">002</subfield>
    <subfield code="d">2021-10-28</subfield>
    <subfield code="l">0</subfield>
    <subfield code="o">632,58/ASH</subfield>
    <subfield code="p">ALIB0010297</subfield>
    <subfield code="r">2021-10-28 00:00:00</subfield>
    <subfield code="t">1</subfield>
    <subfield code="w">2021-10-28</subfield>
    <subfield code="y">BOOKS</subfield>
  </datafield>
  <datafield tag="952" ind1=" " ind2=" ">
    <subfield code="0">0</subfield>
    <subfield code="1">0</subfield>
    <subfield code="2">ddc</subfield>
    <subfield code="4">0</subfield>
    <subfield code="7">0</subfield>
    <subfield code="a">002</subfield>
    <subfield code="b">002</subfield>
    <subfield code="d">2021-10-28</subfield>
    <subfield code="l">0</subfield>
    <subfield code="o">632,58/ASH</subfield>
    <subfield code="p">ALIB0010298</subfield>
    <subfield code="r">2021-10-28 00:00:00</subfield>
    <subfield code="t">2</subfield>
    <subfield code="w">2021-10-28</subfield>
    <subfield code="y">BOOKS</subfield>
  </datafield>
  <datafield tag="952" ind1=" " ind2=" ">
    <subfield code="0">0</subfield>
    <subfield code="1">0</subfield>
    <subfield code="2">ddc</subfield>
    <subfield code="4">0</subfield>
    <subfield code="7">0</subfield>
    <subfield code="a">002</subfield>
    <subfield code="b">002</subfield>
    <subfield code="d">2021-10-28</subfield>
    <subfield code="l">0</subfield>
    <subfield code="o">632,58/ASH</subfield>
    <subfield code="p">ALIB0010906</subfield>
    <subfield code="r">2021-10-28 00:00:00</subfield>
    <subfield code="t">4</subfield>
    <subfield code="w">2021-10-28</subfield>
    <subfield code="y">BOOKS</subfield>
  </datafield>
  <datafield tag="952" ind1=" " ind2=" ">
    <subfield code="0">0</subfield>
    <subfield code="1">0</subfield>
    <subfield code="2">ddc</subfield>
    <subfield code="4">0</subfield>
    <subfield code="7">0</subfield>
    <subfield code="a">002</subfield>
    <subfield code="b">002</subfield>
    <subfield code="d">2021-10-28</subfield>
    <subfield code="l">0</subfield>
    <subfield code="o">632,58/ASH</subfield>
    <subfield code="p">ALIB0010299</subfield>
    <subfield code="r">2021-10-28 00:00:00</subfield>
    <subfield code="t">5</subfield>
    <subfield code="w">2021-10-28</subfield>
    <subfield code="y">BOOKS</subfield>
  </datafield>
  <datafield tag="952" ind1=" " ind2=" ">
    <subfield code="0">0</subfield>
    <subfield code="1">0</subfield>
    <subfield code="2">ddc</subfield>
    <subfield code="4">0</subfield>
    <subfield code="7">0</subfield>
    <subfield code="a">002</subfield>
    <subfield code="b">002</subfield>
    <subfield code="d">2021-10-28</subfield>
    <subfield code="l">0</subfield>
    <subfield code="o">632,58/ASH</subfield>
    <subfield code="p">ALIB0010907</subfield>
    <subfield code="r">2021-10-28 00:00:00</subfield>
    <subfield code="t">8</subfield>
    <subfield code="w">2021-10-28</subfield>
    <subfield code="y">BOOKS</subfield>
  </datafield>
  <datafield tag="952" ind1=" " ind2=" ">
    <subfield code="0">0</subfield>
    <subfield code="1">0</subfield>
    <subfield code="2">ddc</subfield>
    <subfield code="4">0</subfield>
    <subfield code="7">0</subfield>
    <subfield code="a">002</subfield>
    <subfield code="b">002</subfield>
    <subfield code="d">2021-10-28</subfield>
    <subfield code="o">632,58/ASH</subfield>
    <subfield code="p">ALIB0010908</subfield>
    <subfield code="r">2021-10-28 00:00:00</subfield>
    <subfield code="t">11</subfield>
    <subfield code="w">2021-10-28</subfield>
    <subfield code="y">BOOKS</subfield>
  </datafield>
  <datafield tag="952" ind1=" " ind2=" ">
    <subfield code="0">0</subfield>
    <subfield code="1">0</subfield>
    <subfield code="2">ddc</subfield>
    <subfield code="4">0</subfield>
    <subfield code="7">0</subfield>
    <subfield code="a">002</subfield>
    <subfield code="b">002</subfield>
    <subfield code="d">2021-12-24</subfield>
    <subfield code="l">0</subfield>
    <subfield code="o">632.58/ASH</subfield>
    <subfield code="p">ALIB0013847</subfield>
    <subfield code="r">2021-12-24 00:00:00</subfield>
    <subfield code="t">3</subfield>
    <subfield code="w">2021-12-24</subfield>
    <subfield code="y">BOOKS</subfield>
  </datafield>
  <datafield tag="952" ind1=" " ind2=" ">
    <subfield code="0">0</subfield>
    <subfield code="1">0</subfield>
    <subfield code="2">ddc</subfield>
    <subfield code="4">0</subfield>
    <subfield code="7">0</subfield>
    <subfield code="a">002</subfield>
    <subfield code="b">002</subfield>
    <subfield code="d">2021-12-24</subfield>
    <subfield code="l">0</subfield>
    <subfield code="o">632.58/ASH</subfield>
    <subfield code="p">ALIB0013848</subfield>
    <subfield code="r">2021-12-24 00:00:00</subfield>
    <subfield code="t">6</subfield>
    <subfield code="w">2021-12-24</subfield>
    <subfield code="y">BOOKS</subfield>
  </datafield>
  <datafield tag="952" ind1=" " ind2=" ">
    <subfield code="0">0</subfield>
    <subfield code="1">0</subfield>
    <subfield code="2">ddc</subfield>
    <subfield code="4">0</subfield>
    <subfield code="7">0</subfield>
    <subfield code="a">002</subfield>
    <subfield code="b">002</subfield>
    <subfield code="d">2021-12-24</subfield>
    <subfield code="l">0</subfield>
    <subfield code="o">632.58/ASH</subfield>
    <subfield code="p">ALIB00138499</subfield>
    <subfield code="r">2021-12-24 00:00:00</subfield>
    <subfield code="t">7</subfield>
    <subfield code="w">2021-12-24</subfield>
    <subfield code="y">BOOKS</subfield>
  </datafield>
  <datafield tag="952" ind1=" " ind2=" ">
    <subfield code="0">0</subfield>
    <subfield code="1">0</subfield>
    <subfield code="2">ddc</subfield>
    <subfield code="4">0</subfield>
    <subfield code="7">0</subfield>
    <subfield code="a">002</subfield>
    <subfield code="b">002</subfield>
    <subfield code="d">2021-12-24</subfield>
    <subfield code="l">0</subfield>
    <subfield code="o">632.58/ASH</subfield>
    <subfield code="p">ALIB0013850</subfield>
    <subfield code="r">2021-12-24 00:00:00</subfield>
    <subfield code="t">10</subfield>
    <subfield code="w">2021-12-24</subfield>
    <subfield code="y">BOOKS</subfield>
  </datafield>
</record>
